| 000 | 00435nam a2200169 i 4500 | ||
|---|---|---|---|
| 001 | 90450 | ||
| 003 | ES-MaACL | ||
| 005 | 20230906180438.0 | ||
| 007 | t| | ||
| 008 | 050120s1952 sp ||||1| spa d | ||
| 110 | 0 | 0 |
_aEspaña. _tLeyes, etc. _9184149 |
| 245 | 1 | 0 | _aLegislación de trabajo. |
| 260 |
_aMadrid : _bGarcía, _c1952 ( _fLure) |
||
| 300 |
_a264 p. ; _c22 cm. |
||
| 852 |
_aES-MaACL _jC-10327 _bR.38199 |
||
| 999 |
_c90450 _d90450 |
||